| 000 | 01382cam a2200385 a 4500 | ||
|---|---|---|---|
| 001 | 617688 | ||
| 003 | Ke-BoTe | ||
| 005 | 20220615163652.0 | ||
| 008 | 921210s1993 moua b 001 0 eng c | ||
| 010 | _a 92048248 | ||
| 020 |
_a0801670691 (v. 1) : _c$19.95 |
||
| 020 |
_a0801670705 (v. 2) : _c$34.95 |
||
| 040 |
_aDNLM/DLC _cDLC _dDLC |
||
| 050 | 0 | 0 |
_aRC675 _b.G73 1993 |
| 060 | _aWG 18 G774a | ||
| 082 | 0 | 0 |
_a616.1/025/076 _220 |
| 100 | 1 |
_aGrauer, Ken. _98536 |
|
| 245 | 1 | 0 |
_aACLS / _cKen Grauer, Daniel L. Cavallaro. |
| 250 | _a3rd ed. | ||
| 260 |
_aSt. Louis : _bMosby Lifeline; _cc1993. |
||
| 300 |
_a2 v. (xxvi, 685 p.) : _bill. ; _c28 cm. |
||
| 504 | _aIncludes bibilographical references and index. | ||
| 505 | 0 | _av. 1. Certification preparation -- v. 2. Comprehensive review. | |
| 650 | 0 |
_aCardiovascular emergencies _xProblems, exercises, etc. _98537 |
|
| 650 | 0 |
_aCardiac arrest _xTreatment _xProblems, exercises, etc. _98538 |
|
| 650 | 0 |
_aCPR (First aid) _xProblems, exercises, etc. _98539 |
|
| 650 | 2 |
_aHeart Arrest _xproblems. _98540 |
|
| 650 | 2 |
_aLife Support Care _xproblems. _98541 |
|
| 650 | 2 |
_aResuscitation _xproblems. _98542 |
|
| 700 | 1 |
_aCavallaro, Daniel L. _98543 |
|
| 740 | 0 | _aAdvanced cardiac life support. | |
| 906 |
_a7 _bcbc _corignew _d1 _eocip _f19 _gy-gencatlg |
||
| 942 |
_2lcc _cBK _n0 |
||
| 999 |
_c4121 _d4121 |
||